INTERMEDIATE ACCOUNTING: REPORTING AND ANALYSIS (Record no. 215862)

MARC details
000 -LEADER
fixed length control field 00591nam a22001817a 4500
008 - FIXED-LENGTH DATA ELEMENTS--GENERAL INFORMATION
fixed length control field 250709b |||||||| |||| 00| 0 eng d
020 ## - INTERNATIONAL STANDARD BOOK NUMBER
International Standard Book Number 978-1-111-82237-8
050 ## - LIBRARY OF CONGRESS CALL NUMBER
Classification number HF 5635 .W34 2013
100 ## - MAIN ENTRY--PERSONAL NAME
Personal name WAHLEN, JAMES M.
245 ## - TITLE STATEMENT
Title INTERMEDIATE ACCOUNTING: REPORTING AND ANALYSIS
260 ## - PUBLICATION, DISTRIBUTION, ETC.
Place of publication, distribution, etc. MASON, OH
Name of publisher, distributor, etc. SOUTH-WESTERN CENGAGE LEARNING
Date of publication, distribution, etc. 2013
300 ## - PHYSICAL DESCRIPTION
Extent 1 V. (VARIOUS PAGINGS) : ILL.
500 ## - GENERAL NOTE
General note INCLUDES BIBLIOGRAPHICAL REFERENCES AND INDEX
650 ## - SUBJECT ADDED ENTRY
Topical term or geographic name entry element ACCOUNTING
700 ## - ADDED ENTRY--PERSONAL NAME
Personal name 1. JONES, JEFFERSON P. 2. PAGACH, DONALD P.
942 ## - ADDED ENTRY ELEMENTS (KOHA)
Source of classification or shelving scheme Library of Congress Classification
Koha item type Long Loan Book
Holdings
Withdrawn status Lost status Source of classification or shelving scheme Damaged status Not for loan Collection Home library Current library Shelving location Date acquired Inventory number Total checkouts Full call number Barcode Date last seen Copy number Price effective from Koha item type Date last checked out
    Library of Congress Classification     Business & Economics Kisii University Library Kisii University Library On Display 07/09/2025 108942   HF 5635 .W34 2013 000000020095 07/09/2025 1 07/09/2025 Long Loan Book  
    Library of Congress Classification     Business & Economics Kisii University Library Kisii University Library On Display 07/09/2025 108943 1 HF 5635 .W34 2013 000000020094 10/22/2025 2 07/09/2025 Long Loan Book 10/08/2025
    Library of Congress Classification     Business & Economics Kisii University Library Kisii University Library On Display 07/09/2025 108944   HF 5635 .W34 2013 000000020093 07/09/2025 3 07/09/2025 Long Loan Book  
    Library of Congress Classification     Business & Economics Kisii University Library Kisii University Library On Display 07/09/2025 108945   HF 5635 .W34 2013 000000020092 07/09/2025 4 07/09/2025 Long Loan Book  
    Library of Congress Classification     Business & Economics Kisii University Library Kisii University Library On Display 07/09/2025 108946   HF 5635 .W34 2013 000000020091 07/09/2025 5 07/09/2025 Long Loan Book